000 00940cam a22002054a 4500
005 20250605164138.0
008 250528s ||||||||||||||||||||||||d
035 _a18848
020 _a9110100
040 _aGR-AtMCL
_bgre
_dGR-AtMCL
_eAACR2
245 1 _aThe Mirror in the Corner / People's Television
250 _a1st
260 _bHutchinson Of London,
_c1972
300 _a234
520 _aAcknowledgements, Introduction, The BBC on the Eve: Waiting for the ITV, Monopoly Under Fire, Success Has a Hundred Fathers, Hailsham v. Slimy Caliban, The Best Single Idea, The Competitors Line Up, The Coup of the Century, How They Look the Audience3, Sitting Duck, Some Urge and Some Encouragement, Backwards to Pilkington, The Object is to Sell, Catastrophe by Request, The Slope Ahead, And Now for Something Completely Different?, Index.
700 1 _aBlack Peter
_95116
942 _cBK
999 _c4158
_d4158